| 000 | 00430nam a2200169Ia 4500 | ||
|---|---|---|---|
| 008 | 180424s9999 xx 000 0 und d | ||
| 084 | _a517 H4 | ||
| 100 | _a"Hildebrand, Francis B" | ||
| 245 | 0 | _aAdvanced Calculus for Applications | |
| 250 | _a\\196200ENGGPCX | ||
| 260 | _aPrentice Hall | ||
| 260 | _b1962 | ||
| 260 | _cEnglewood Cliffs | ||
| 300 | _aix+646p | ||
| 500 | _aincludes index and biblioraphy | ||
| 942 | _cBK | ||
| 999 |
_c20027 _d20027 |
||